| 000 | 00500nam a2200145Ia 4500 | ||
|---|---|---|---|
| 008 | 210716s2008 xx 000 0 und d | ||
| 020 | _a9788131705841 | ||
| 041 | _aeng | ||
| 082 | _a658.7 BALR | ||
| 100 | _aBallou, Ronald H;Srivastava, Samir K. | ||
| 245 |
_aBusiness logistics supply chain management: planning organizing and controling the supply chain. _bPlanning organizing and controling the supply chain. |
||
| 250 | _a5 | ||
| 260 |
_aNew Delhi _bPearson Education _c2008 |
||
| 300 | _axx,800 | ||
| 999 |
_c209622 _d209622 |
||